| 000 | 00524nam a2200193 i 4500 | ||
|---|---|---|---|
| 001 | 52126 | ||
| 003 | ES-MaACL | ||
| 005 | 20230906162527.0 | ||
| 007 | t| | ||
| 008 | 030826s1985 sp ||||1| spa d | ||
| 020 | _a84-85511-02-6 | ||
| 100 | 1 |
_aChoza, Jacinto. _938638 |
|
| 245 | 1 | 0 |
_aAntropologías positivas y antropología filosófica / _cJacinto Choza. |
| 260 |
_aTafalla : _bCenlit, _c[1985] |
||
| 300 |
_a229 p. ; _c23 cm. |
||
| 500 | _aIndice. | ||
| 504 | _aBibliografía. | ||
| 852 |
_aES-MaACL _jC-44 _bR.114453 |
||
| 999 |
_c52126 _d52126 |
||